Título en la letra de Extremoduro - Estadísticas

Estadísticas generales
  • Esta prueba ha sido intentada 237 veces
  • La puntuación promedio es 9 de 14
Estadísticas de respuestas
Hint Respuesta % Correcto
...y dejar de lado _ _____ _ _ ___ _ ____, por donde te vi marchar... La vereda de la puerta de atrás
99%
...___, beber, el rollo de siempre, meterme mil rayas, hablar con la gente... Salir
96%
...a ver que me dice después, _ ____, le tiemblan los pies, a su lado... So payaso
92%
..._ _ __, me quedo en esta calle sin salida, sin salida... Si te vas...
90%
...y encuentro a mi princesa hablando con la luna, echando una carrera a ver quien es más __... Puta
86%
...se me ponen si me besas, ____ las orejas...* Rojitas
66%
...sufro ____ ______, bajo a la tierra y cruzo la línea divisoria, que separa en esta historia, la locura y la razón... Locura transitoria
55%
...para estar tan colgado hace falta echarle huevos, __ __ __ __.... Bri bri bli bli
53%
...____ _ ___, tus mujeres nos la ponen... Extrema y dura
53%
..._ __ lento no se calientan mis besos... A fuego
51%
...____, aprender a hacerme yo la maleta, para poder vivir... Decidí
42%
...___ que me canso de ser hombre, ____ que me canso de mi piel y de mi cara... Sucede
39%
...quedamos ___ _ ___, a la altura de su cintura... Cerca del suelo
35%
...tú en tu casa, nosotros en _ ____... La hoguera
31%
No se encontraron pruebas coincidentes
Distribución de puntuación
Porcentaje de gente con cada puntuación
Porcentaje por número respondido
Historial de tus puntuaciones
No has intentado esta prueba.